000 00457nam a2200181Ia 4500
001 14750
005 20260306164937.0
008 260306t2001||||xx |||||||||||||| ||spa||
041 _aESP
082 _a519.2
_bD64 2001
100 _aDevore, Jay L.
_eAUT
245 0 _aProbabilidad y estadística para ingeniería y ciencias
260 _c2001
300 _axvi, 762 páginas :
_c24 cm.
650 _aGEN
654 _aCMA
942 _cLIB
_dJUS
_fJUS
_2ddc
_n
999 _c14750
_d14750